000 00944nam a2200253Ia 4500
003 GCL
005 20240530095511.0
008 140319s9999 xx 000 0 ara d
040 _aGCL /
_cGCL
082 0 4 _a050
_bد/د هـ
245 1 0 _aوثيقة خطيرة امين الريحانى جاسوس امريكى ( الهلال فبراير 2006 )
260 _aالقاهرة :
_bدار الهلال للطباعة والنشر ،
_c2006
650 0 4 _aالطاقة الشمسية
650 0 4 _aامين الريحانى
650 0 4 _aالثقافة العالمية
650 0 4 _aالسياسة الخارجية - الولايات المتحدة الامريكية
650 0 4 _aالازهر - الدور السياسى
650 0 4 _aبريانكا غاندى
650 0 4 _aفؤاد قاعود
650 0 4 _aحلمى التونى
650 0 4 _aفاروق حسنى
650 0 4 _aعبد العزيز البشرى
942 _2ddc
_cCR
999 _c7859
_d7859